1906 1182 1303 1063 1748 1335 1717 1407 1270 1302 1545 1942 1091 1900 1305 1725 1971 1865 1182 1303 1172 1491 1784 1362 1956 1000 1874 1850 1637 1612 1570 1153 1245 1814 1947 1358 1755 1008 1747 1592 1035 1203 1534 1875 1802 1114 1824 1913 1286 1496 1843 1352 1704 1134 1732 1153 1319 1677 1409 1025 1038 1584 1406 1931 1223 1925 1281 1662 1638 1434 1524 1137 1945 1697 1366 1565 1861 1266 1646 1960 1623 1934 1161 1889 1393 1169 1911 1760 1121 1208 1178 1892 1923 1305 1355 1437 1149 1883 1968 BCNSPRNW ULIB Ver.6.0+V

เปลี่ยนเป็นภาษาไทย

Change to English
 แสดงรายละเอียดบรรณานุกรม
  กลับหน้าหลัก

Brief Record : Get Marc (ISO 2709) : E-mail record : QR code < ปิดหน้าต่าง
LEADER : 00000nam 2200000uu 4500
001    13399121795
003     ULIB
008    121207s2550||||th 000 0 tha d
090    นว.^bล472n
245 00 สิ้นเสียงปักษา
260    ^c2550
945    ^p0^l0^i021000
999    ^aใช้งานได้ทุกระบบ
รายการนี้ยังไม่มีแท็ก
คุณยังไม่ได้ล็อกอิน คุณสามารถมีกิจกรรมร่วมกับเว็บไซต์ได้ แต่ต้องล็อกอินก่อน ::
  ล็อกอิน

รายการสื่อสารสนเทศ

ลำดับที่ ประเภท เลขเรียก/บาร์โค้ด สถานที่ สถานะ
1. นวนิยาย
นวนิยาย
นว. ล472n  
  Barcode: 021000
ห้องสมุดวิทยาเขตสวรรค์ประชารักษ์
►นวนิยาย
บนชั้น
  ขอยืม

BibComment


ยังไม่เคยถูกคอมเมนท์

คอมเมนท์ทรัพยากรรายการนี้
  คอมเมนท์: สิ้นเสียงปักษา


 Copyright 2026. Bcnsprnw @Library